| 000 | 01150nam a2200253 i 4500 | ||
|---|---|---|---|
| 001 | 167400 | ||
| 003 | ES-MaACL | ||
| 005 | 20251003063148.0 | ||
| 008 | 940301s1851 sp |||| | spa d | ||
| 080 | _a343(460)"1850"(094.4) | ||
| 080 | _a343(460)(091) | ||
| 100 | 1 |
_aVicente y Caravantes, José, _dca. 1820-1880 _9133668 |
|
| 245 | 1 | 0 |
_aCódigo penal reformado : _bcomentado novísimamente, precedido de una breve reseña histórica del derecho penal de España, y seguido de tablas sinópticas... / _cpor José Vicente y Caravantes. |
| 260 |
_aMadrid ; _aSantiago : _bLibrerías de Ángel Calleja, _c1851 ( _eMadrid : _fImp. de Alejandro Gómez Fuentenebro) |
||
| 300 |
_aXVI, 590 p. ; _c21 cm. |
||
| 530 | _aDisponible en formato digital. | ||
| 610 | 1 | 4 |
_aEspaña. _tCódigo penal, 1850. _9152602 |
| 650 | 4 |
_aDerecho penal- _zEspaña _911752 |
|
| 650 | 4 |
_aDerecho penal- _zEspaña- _vHistoria. _911754 |
|
| 710 | 1 |
_aEspaña. _tCódigo penal, 1850. _9152602 |
|
| 852 | 4 |
_aES-MaACL _jC-1349 _z- Enc. hol |
|
| 856 | 4 |
_uhttp://bdh-rd.bne.es/viewer.vm?id=0000247351&page=1 _zBiblioteca Digital Hispánica |
|
| 999 |
_c167400 _d167400 |
||